Nigéria - otroci, Biafra, ropa
Nigéria - bohatstvo, chudoba, rozpory medzi etnikami, príslušníkmi náboženských skupín, regionálne disparity, sociálne a environmentálne problémy, starostlivosť o zdravie. Ropa.
Salvato in:
| Autore principale: | |
|---|---|
| Altri autori: | |
| Natura: | Capitolo di libro |
| Lingua: | slovacco |
| Soggetti: | |
| Tags: |
Nessun Tag, puoi essere il primo ad aggiungerne!!
|
MARC
| LEADER | 00000naa a2200000 4500 | ||
|---|---|---|---|
| 001 | 0165801 | ||
| 005 | 20231208110602.9 | ||
| 041 | 0 | |a slo | |
| 044 | |a SK | ||
| 245 | 1 | 0 | |a Nigéria - otroci, Biafra, ropa |c Veronika Jonisová, Katarína Danielová |
| 520 | |a Nigéria - bohatstvo, chudoba, rozpory medzi etnikami, príslušníkmi náboženských skupín, regionálne disparity, sociálne a environmentálne problémy, starostlivosť o zdravie. Ropa. | ||
| 610 | 2 | 0 | |a Nigéria |
| 610 | 2 | 0 | |a otrokárstvo |
| 610 | 2 | 0 | |a nezávislosť |
| 610 | 2 | 0 | |a konflikty etnické |
| 610 | 2 | 0 | |a ropa |
| 610 | 2 | 0 | |a chudoba |
| 610 | 2 | 0 | |a negramotnosť |
| 100 | 1 | |a Jonisová, Veronika | |
| 700 | 1 | |a Danielová, Katarína | |